Statistiques concernant Pokémon ayant un total de base stats de plus de 600

Cliquez ici pour prendre le quiz!

Statistiques générales

  • Ce quiz a été pris 338 fois
    (25 depuis la dernière actualisation)
  • Le résultat moyen est 58 sur 66

Statistiques - réponses

TotalPokémon% Correct
680Zekrom
100%
720Arceus
94%
680Dialga
94%
690Éthernatos
94%
1125Éthernatos (Infinimax)
94%
680Giratina
94%
670Groudon
94%
680Ho-Oh
94%
670Kyogre
94%
700Kyurem (Blanc)
94%
660Kyurem (Forme Normale)
94%
700Kyurem (Noir)
94%
680Lugia
94%
680Lunala
94%
625Méga-Florizarre
94%
780Méga-Mewtwo X
94%
780Méga-Mewtwo Y
94%
780Méga-Rayquaza
94%
630Méga-Tortank
94%
680Mewtwo
94%
680Necrozma (Ailes de l'Aurore)
94%
680Necrozma (Crinière du Couchant)
94%
680Palkia
94%
770Primo-Groudon
94%
770Primo-Kyogre
94%
680Rayquaza
94%
680Reshiram
94%
680Solgaleo
94%
754Ultra-Necrozma
94%
680Xerneas
94%
700Zacian (Épée Suprême)
94%
660Zacian (Héros Aguerri)
94%
630Méga-Braségali
88%
700Méga-Carchacrok
88%
700Méga-Diancie
88%
634Méga-Dracaufeu X
88%
634Méga-Dracaufeu Y
88%
700Méga-Drattak
88%
630Méga-Galeking
88%
630Méga-Jungko
88%
635Méga-Laggron
88%
700Méga-Métalosse
88%
700Méga-Tyranocif
88%
670Monaflèmit
88%
670Regigigas
88%
680Yveltal
88%
700Zamazenta (Bouclier Suprême)
88%
660Zamazenta (Héros Aguerri)
88%
708Zygarde (Forme Parfaite)
88%
670Koraidon
82%
618Méga-Gallame
82%
618Méga-Gardevoir
82%
700Méga-Latias
82%
700Méga-Latios
82%
670Miraidon
82%
680Hoopa (Déchaîné)
76%
640Méga-Léviator
76%
610Méga-Pharamp
76%
680Sylveroy (Cavalier d'Effroi)
76%
680Sylveroy (Cavalier du Froid)
76%
625Méga-Lucario
71%
610Méga-Steelix
71%
700Terapagos (Forme Stellaire)
71%
620Froussardine (Forme Banc)
65%
615Méga-Ptéra
65%
650Superdofin (Forme Super)
59%

Distribution des résultats

Percentile par nombre de réponses

% des personnes avec chaque résultat

Votre développement - résultats

Vous n’avez pas pris ce quiz depuis la dernière actualisation